000 00554cam a2200205 a 4500
001 1953061
005 20180227053141.0
008 870923s1986 nyua 001 0 eng
010 _a 87107679
020 _a0064603075 (pbk.) :
_c$9.95
040 _aDLC
_cDLC
_dDLC
041 _aeng
080 _a574 ROB
082 0 0 _a574 ROB
_219
100 1 _a11
101 _aBIO
245 1 4 _aThe biology coloring book /
_cby Robert D. Griffin ; illustrations by Cinthea Vadala.
906 _a7
_bcbc
_corignew
_d3
_encip
_f19
_gy-gencatlg
942 _2ddc
_cBK
999 _c43569
_d43569